Bundesliga 2017-18 Logos - Statistics

General Stats
  • This quiz has been taken 2,874 times
  • The average score is 16 of 18
Answer Stats
Team % Correct
Hertha BSC
94%
Bayern Munich
92%
Bayer Leverkusen
90%
Borussia Dortmund
90%
1. FC Koln
89%
Eintracht Frankfurt
89%
RB Leipzig
88%
Schalke 04
88%
Hamburger SV
87%
VfB Stuttgart
85%
VfL Wolfsburg
85%
1899 Hoffenheim
84%
Hannover 96
83%
Werder Bremen
83%
Borussia Mönchengladbach
82%
FC Augsburg
82%
Mainz 05
82%
SC Freiburg
82%
No matching quizzes found
Score Distribution
Percent of People with Each Score
Percentile by Number Answered
Your Score History
You have not taken this quiz